Návrh evidenčného systému pre obchodnú firmu : Bakalárska práca

Gespeichert in:
Bibliographische Detailangaben
1. Verfasser: Blaščíková, Jana (Verfasst von)
Weitere Verfasser: Husárová, Bohuslava (xxx)
Format: Manuskript Buch
Sprache:Slowakisch
Veröffentlicht: Trnava : STU v Bratislave MtF KAIA, 2003
Schlagworte:
Tags: Tag hinzufügen
Keine Tags, Fügen Sie das erste Tag hinzu!

MARC

LEADER 00000ntm a22000003a 4500
001 stu83056
005 20160719154836.9
008 040109s2003----xo------------------slo-d
040 |a STU  |b slo 
041 0 |a slo 
044 |a xo 
100 1 |a Blaščíková, Jana  |4 aut 
245 1 |a Návrh evidenčného systému pre obchodnú firmu :  |b Bakalárska práca 
260 |a Trnava :  |b STU v Bratislave MtF KAIA,  |c 2003 
300 |a 31 s  |c príl 
650 7 |a evidenčné systémy  |2 stusub 
650 7 |a aplikovaná informatika a informačné systémy  |2 stusub 
700 1 |a Husárová, Bohuslava  |4 xxx  |u M180  |U MTF Materiálovotechnologická fakulta  |T MTF Katedra aplikovanej informatiky a automatizácie  |U M180  |Y 166 
996 |b 284M054718  |c M*BP-118  |l MMSKP  |s P  |a 0  |w stu83056_0001